Distribution géographique des aliments simples et composés utilisés en alimentation d'aulacodes au sud et au centre du Bénin (Record no. 30546)

MARC details
000 -LEADER
fixed length control field 01135 a2200337 4500
041 ## - CODE DE LANGUE
Language code of summary or abstract/overprinted title or subtitle Fr
040 ## - SOURCE DU CATALOGAGE
Original cataloging agency Doc.
041 ## - CODE DE LANGUE
Language code of summary or abstract/overprinted title or subtitle Fr
041 ## - CODE DE LANGUE
Language code of summary or abstract/overprinted title or subtitle En
100 ## - VEDETTE PRINCIPALE - NOM DE PERSONNE
Personal name TOVIGNON ZOUGOU, Gilbert Comlan
130 ## - VEDETTE PRINCIPALE - TITRE UNIFORME
Language of a work Fr
245 ## - TITLE STATEMENT
Title Distribution géographique des aliments simples et composés utilisés en alimentation d'aulacodes au sud et au centre du Bénin
300 ## - PHYSICAL DESCRIPTION
Extent V-116 p.
300 ## - PHYSICAL DESCRIPTION
Other physical details ill., graph., tabl., 29 cm
502 ## - DISSERTATION NOTE
Dissertation note Thèse
520 ## - SUMMARY, ETC.
Summary, etc Le présent travail s'est fixé pour objectif principal de recenser les aliments simple utilisés et ingrédients alimentaires en aulacodiculture...
653 1# - INDEX TERM--UNCONTROLLED
Uncontrolled term Sciences et Techniques de Production Animale
650 ## - SUBJECT ADDED ENTRY--TOPICAL TERM
Topical term or geographic name as entry element ALIMENTATION
650 ## - SUBJECT ADDED ENTRY--TOPICAL TERM
Topical term or geographic name as entry element AULACODE
650 ## - SUBJECT ADDED ENTRY--TOPICAL TERM
Topical term or geographic name as entry element FOURRAGE VERT
651 ## - SUBJECT ADDED ENTRY--GEOGRAPHIC NAME
Geographic name SUD BENIN
651 ## - SUBJECT ADDED ENTRY--GEOGRAPHIC NAME
Geographic name CENTRE BENIN
653 #1 - INDEX TERM--UNCONTROLLED
Uncontrolled term Production Animale Zootechnie
651 ## - SUBJECT ADDED ENTRY--GEOGRAPHIC NAME
Geographic name BENIN
690 ## - LOCAL SUBJECT ADDED ENTRY--TOPICAL TERM (OCLC, RLIN)
Topical term or geographic name as entry element ALIMENT SIMPLE
690 ## - LOCAL SUBJECT ADDED ENTRY--TOPICAL TERM (OCLC, RLIN)
Topical term or geographic name as entry element ALIMENT COMPOSE
690 ## - LOCAL SUBJECT ADDED ENTRY--TOPICAL TERM (OCLC, RLIN)
Topical term or geographic name as entry element AULACODICULTURE
690 ## - LOCAL SUBJECT ADDED ENTRY--TOPICAL TERM (OCLC, RLIN)
Topical term or geographic name as entry element COMPLEMENT ALIMENTAIRE
710 ## - ADDED ENTRY--CORPORATE NAME
Corporate name or jurisdiction name as entry element <Abomey-Calavi>, <Université d'Abomey-Calavi>, <FAculté des Sciences Agronomiques>, <UAC>, <BJ>
Holdings
Withdrawn status Lost status Damaged status Not for loan Location (home branch) Sublocation or collection (holding branch) Date acquired Koha issues (times borrowed) Koha full call number Koha date last seen Copy number Price effective from Koha item type Public note
        Bibliothèque-Centre de Documentation de la Faculté des Sciences Agronomiques Bibliothèque-Centre de Documentation de la Faculté des Sciences Agronomiques 08/05/2005   A.8646.TPA.2001.007 28/02/2009 03 28/02/2009 Livre A.10045


© 2008, Bibliothèques de l'Université d'Abomey-Calavi

04 BP 789 Cotonou, Tél. : +229 21 36 01 01, Fax : +229 21 35 06 32

Courriel : bu@bu.uac.bj